000 00693nam a22001817a 4500
005 20260401114228.0
008 250212b |||||||| |||| 00| 0 eng d
082 _22024
_aUT
100 _aAninon, Enrique C.
_965079
245 _aPersuasiveness of language in climate change speeches /
_cEnrique C. Aninon, Jhurie Ann Sarmiento, and Julia Alexandrea Canete
260 _aDigos City :
_bUMDC,
_c©January 2024.
300 _avi, 38 pages :
_billustration (some colors) ;
_c29 cm.
500 _aIncludes reference and appendices.
650 0 _aEducation
_xUndergraduate thesis
_970415
700 _aSarmiento, Jhurie Ann
_965086
700 _aCanete, Julia Alexandrea
_965087
942 _2ddc
_cUT
999 _c23388
_d23388